Statistics for Countries that Use the Dinar

Click here to take the quiz!

General Stats

  • This quiz has been taken 218 times
  • The average score is 6 of 9

Answer Stats

Country% Correct
Algeria
77%
Iraq
76%
Jordan
75%
Libya
75%
Kuwait
74%
Tunisia
73%
Bahrain
66%
Serbia
44%
Macedonia (denar)
32%

Score Distribution

Percentile by Number Answered

Percent of People with Each Score

Your Score History

You have not taken this quiz